Apocalypses et voyages dans l'au-delà / Claude Kappler et collaborateurs.

Bibliographic Details
Other Authors: Kappler, Claude
Format: Book
Language:French
Published: Paris : Les Editions du Cerf, 1987.
Edition:Cerf ed.
Subjects:

MARC

Tag First Indicator Second Indicator Subfields
LEADER 00000cam a2200000 a 4500
001 in00000008371
005 20151003050036.0
008 871120s1987 fr a b 00100 fre d
020 |a 2204027014 
035 |a (OCoLC)17010535 
035 |9 AAA0758AM 
040 |a TXA  |c TXA  |d UtOrBLW 
050 4 |a BS646  |b .A66 1987 
245 0 0 |a Apocalypses et voyages dans l'au-delà / Claude Kappler et collaborateurs. 
250 |a Cerf ed. 
264 1 |a Paris :  |b Les Editions du Cerf,  |c 1987. 
300 |a 530 pages :  |b illustrations ;  |c 18 cm. 
336 |a text  |b txt  |2 rdacontent 
337 |a unmediated  |b n  |2 rdamedia 
338 |a volume  |b nc  |2 rdacarrier 
504 |a Includes bibliographies and indexes. 
650 0 |a Apocalyptic literature. 
700 1 |a Kappler, Claude. 
999 |a MARS 
999 f f |s c86c4e07-f353-36f7-8339-617b7e0dafa5  |i beb0e85c-19f3-3f59-be35-1579a283d03a  |t 0 
952 f f |p normal  |a Texas A&M University  |b College Station  |c Sterling C. Evans Library  |d Evans: Library Stacks  |t 0  |e BS646 .A66 1987  |h Library of Congress classification  |i unmediated -- volume  |m A14812601827 
998 f f |a BS646 .A66 1987  |t 0  |l Evans: Library Stacks